000 00472nam a2200205Ia 4500
003 IT-RoPAU
005 20220918175645.0
008 120407s9999 xx 000 0 und d
040 _aIT-RoPAU
040 _cIT-RoPAU
041 _aita
100 _aSocietà San Paolo
_9247
245 _aCalendario Paolino 1957
250 _a1° ed.
260 _c1957
_aRoma
_bPSSP
300 _c17,5 cm
_a258 p.
490 _aEdizioni Paoline
942 _cBK
_2ddc
999 _c23729
_d23729